<?xml version="1.0" encoding="UTF-8"?>
<record
    xmlns:xsi="http://www.w3.org/2001/XMLSchema-instance"
    xsi:schemaLocation="http://www.loc.gov/MARC21/slim http://www.loc.gov/standards/marcxml/schema/MARC21slim.xsd"
    xmlns="http://www.loc.gov/MARC21/slim">

  <leader>00886nam a2200217   4500</leader>
  <controlfield tag="001">116748</controlfield>
  <controlfield tag="003">ES-MaACL</controlfield>
  <controlfield tag="005">20250901062535.0</controlfield>
  <controlfield tag="007">t|</controlfield>
  <controlfield tag="008">061121s1963    sp      r    ||||1| spa d</controlfield>
  <datafield tag="100" ind1="1" ind2=" ">
    <subfield code="a">Paupert, Jean-Marie.</subfield>
    <subfield code="9">89667</subfield>
  </datafield>
  <datafield tag="245" ind1="1" ind2="1">
    <subfield code="a">&#xBF;Qu&#xE9; es, en definitiva, esa Buena Nueva? / </subfield>
    <subfield code="c">Jean-Marie Paupert ; versi&#xF3;n espa&#xF1;ola de Mar&#xED;a Luisa Pericot.</subfield>
  </datafield>
  <datafield tag="260" ind1=" " ind2=" ">
    <subfield code="a">Andorra : </subfield>
    <subfield code="b">Casal i Vall, </subfield>
    <subfield code="c">1963.</subfield>
  </datafield>
  <datafield tag="300" ind1=" " ind2=" ">
    <subfield code="a">171 p. ; </subfield>
    <subfield code="c">19 cm.</subfield>
  </datafield>
  <datafield tag="490" ind1="1" ind2=" ">
    <subfield code="a">Yo s&#xE9; - yo creo. Enciclopedia del cat&#xF3;lico en el siglo XX ; </subfield>
    <subfield code="v">69</subfield>
  </datafield>
  <datafield tag="500" ind1=" " ind2=" ">
    <subfield code="a">Sexta parte: La Biblia, Libro de Dios, Libro de los Hombres . - Traducci&#xF3;n de: Quelle est done cette Bonne Nouvelle.</subfield>
  </datafield>
  <datafield tag="700" ind1="1" ind2=" ">
    <subfield code="a">Pericot, Mar&#xED;a Luisa.</subfield>
    <subfield code="9">91263</subfield>
  </datafield>
  <datafield tag="830" ind1="0" ind2="0">
    <subfield code="a">Yo s&#xE9;, yo creo: enciclopedia del cat&#xF3;lico del siglo XX</subfield>
    <subfield code="v">69</subfield>
    <subfield code="9">186579</subfield>
  </datafield>
  <datafield tag="852" ind1=" " ind2=" ">
    <subfield code="a">ES-MaACL</subfield>
    <subfield code="j">C-25681 </subfield>
    <subfield code="b">R.53599</subfield>
  </datafield>
  <datafield tag="999" ind1=" " ind2=" ">
    <subfield code="c">116748</subfield>
    <subfield code="d">116748</subfield>
  </datafield>
  <datafield tag="952" ind1=" " ind2=" ">
    <subfield code="0">0</subfield>
    <subfield code="1">0</subfield>
    <subfield code="4">0</subfield>
    <subfield code="7">0</subfield>
    <subfield code="a">ATENEOM</subfield>
    <subfield code="b">ATENEOM</subfield>
    <subfield code="c">DEPO2</subfield>
    <subfield code="d">2008-01-17</subfield>
    <subfield code="e">SC</subfield>
    <subfield code="l">0</subfield>
    <subfield code="o">C-25681</subfield>
    <subfield code="p">1121734</subfield>
    <subfield code="r">2023-02-23 00:00:00</subfield>
    <subfield code="w">2023-02-23</subfield>
    <subfield code="y">MONOGRAFIA</subfield>
  </datafield>
</record>
